000 00818nam a2200229Ii 4500
003 JO-AjNU
008 230605s9999||||xx |||||||||||||| ||und||
017 _a2002/11477
020 _a977-01-7898-5
040 _aJO-AjNU
_bara
_erda
_cJO-AjNU
041 _aara
050 1 4 _aPJ7814.U7 2002
100 3 _aتأليف الأسيوطي،درويش ؛ دراسة أيمن بكر,
_eauthor
_915628
245 0 0 _aمن أحوال الدرويش العاشق
264 3 1 _aالقاهرة:الهيئة المصرية العامة للكتاب،2002
300 _a191ص
336 _atext
_btxt
_2rdacontent
337 _aunmediated
_bn
_2rdamedia
338 _avolume
_bnc
_2rdacarrier
490 0 _aسلسلة الإبداع الشعري المعاصر
650 4 _a الشعر العربي - تاريخ ونقد
_915629
999 _aA4457
_c8025
_d8025